| 000 | 01099nam a2200289 a 4500 | ||
|---|---|---|---|
| 001 | |||
| 003 | DO-SdBNP | ||
| 005 | 20210913134504.0 | ||
| 008 | 180502s2016 dr r 000 0 spa d | ||
| 020 | _a9789945900989 | ||
| 040 |
_aDO-SdBNP _bspa _cBPMSU |
||
| 082 |
_a342.7293 _bG533d 2016 _222 |
||
| 100 | 1 | _aGómez Bergés, Víctor | |
| 245 | 1 | 0 |
_aDerechos económicos, sociales y culturales en la constitución 2010 / _cVíctor Gómez Bergés. _b |
| 260 |
_aSanto Domingo : _bTribunal Constitucional de la República Dominicana, _c2016. |
||
| 300 |
_a235 p. ; _c24 cm. |
||
| 500 | _aIncluye datos biográficos del autor en las solapas. | ||
| 500 | _aIncluye referencias bibliográficas y notas al pie de las páginas. | ||
| 504 | _aBibliografía: p. 123-128. | ||
| 590 | _aInventariado,2018/DG | ||
| 610 | 4 |
_aRepública Dominicana. _bConstitución, 2010. |
|
| 650 | 4 | _aDerechos económicos sociales. | |
| 650 | 4 |
_aDerechos humanos _zRepública Dominicana. |
|
| 651 | 4 |
_aRepública Dominicana. _xDerecho constitucional |
|
| 910 | _aVMateo V. | ||
| 942 |
_2ddc _cBK |
||
| 999 |
_c13726 _d13726 |
||